Chiefs Lineup - 2024 - Statistics

General Stats
  • This quiz has been taken 211 times
    115 since last reset
  • The average score is 15 of 26
Answer Stats
Hint Answer % Correct
QB Patrick Mahomes
100%
TE Travis Kelce
93%
RB Isiah Pacheco
92%
RDT Chris Jones
83%
RB Kareem Hunt
81%
WR Xavier Worthy
79%
K Harrison Butker
74%
C Creed Humphrey
73%
WR DeAndre Hopkins
72%
WR Juju Smith-Schuster
72%
RG Trey Smith
67%
LCB Trent McDuffie
63%
RT Jawaan Taylor
58%
MLB Nick Bolton
58%
LDE George Karlaftis
57%
LG Joe Thuney
57%
WR Justin Watson
57%
SS Justin Reid
50%
P Matt Araiza
38%
FS Bryan Cook
37%
SLB Leo Chenal
37%
RDE Mike Danna
31%
LDT Derrick Nnadi
27%
RCB Nazeeh Johnson
21%
LT Kingsley Suamataia
16%
WLB Drue Tranquill
12%
No matching quizzes found
Score Distribution
Percent of People with Each Score
Percentile by Number Answered
Your Score History
You have not taken this quiz since the last reset